A resoluçao de equaçoes algébricas e o problema inverso da teoria de Galois

Sábháilte in:
Sonraí bibleagrafaíochta
Príomhchruthaitheoir: Endler, Otto (Údar)
Formáid: LEABHAR
Teanga:Portaingéilis
Foilsithe / Cruthaithe: Río de Janeiro Conselho Nacional de Pesquisas 1961
Sraith:Notas de matemática, 24
Ábhair:
Clibeanna: Cuir clib leis
Níl clibeanna ann, Bí ar an gcéad duine le clib a chur leis an taifead seo!

MARC

LEADER 00000nam a2200000 a 4500
001 UCQ9222
003 CL-VaPUC
008 981230e19610000BL |||||||||||||||||por|d
082 0 4 |a 512.3  |b END  |2 21 
100 0 |a Endler, Otto  |e author  |9 423706 
245 1 2 |a A resoluçao de equaçoes algébricas e o problema inverso da teoria de Galois 
300 |a 118 p 
942 |c BK 
945 |d 19981230 00:00:00  |a crobeson 
260 |a Río de Janeiro  |b Conselho Nacional de Pesquisas  |c 1961 
650 0 |a Teoría de Galois  |9 271494 
650 0 |a Ecuaciones algebraicas   |9 359705 
583 |a last modification  |c 19981230 00:00:00  |k Rodrigo Vera 
490 0 |a Notas de matemática, 24 
999 |c 278307  |d 278305 
952 |0 0  |1 0  |4 0  |6 512_300000000000000_END_1961  |7 0  |8 A  |9 316788  |a BIBMAT  |b BIBMAT  |d 2019-11-20  |i 1313452  |o 512.3 END 1961  |p 1313452  |r 2025-01-07  |w 2019-11-20  |y BK  |k MAT